[Event "Sardegna Regional-ch"]
[Site "Cagliari"]
[Date "2015.06.01"]
[Round "4"]
[White "Nessi, Davide"]
[Black "Zuccarelli, Angelo"]
[Result "1/2-1/2"]
[WhiteElo "1720"]
[BlackElo "1888"]
[PlyCount "36"]
[EventDate "2015.05.30"]
[EventType "swiss"]
[EventRounds "6"]
[EventCountry "ITA"]
[SourceTitle "EXT 2017"]
[Source "ChessBase"]
[SourceDate "2016.10.25"]
[SourceVersion "1"]
[SourceVersionDate "2016.10.25"]
[SourceQuality "1"]

1. e4 e5 2. f4 Bc5 3. Nf3 d6 4. Nc3 a6 5. Bc4 Nc6 6. d3 Bg4 7. h3 Bxf3 8. Qxf3 Nd4 9. Qg3 Nxc2+ 10. Kd1 Nxa1 11. fxe5 Qe7 12. Qxg7 Qxe5 13. Qxf7+ Kd8 14. Be6 Ne7 15. Nd5 Re8 16. Nf6 Rh8 17. Nd5 Re8 18. Nf6 Rh8 1/2-1/2

[Event "Torre delle Stelle op 1st"]
[Site "Sinnai"]
[Date "2011.06.26"]
[Round "7"]
[White "Zuccarelli, Angelo"]
[Black "Locci, Damiano"]
[Result "1/2-1/2"]
[WhiteElo "1897"]
[BlackElo "2167"]
[PlyCount "82"]
[EventDate "2011.06.22"]
[EventType "swiss"]
[EventRounds "7"]
[EventCountry "ITA"]
[SourceTitle "EXT 2023"]
[Source "ChessBase"]
[SourceDate "2022.10.05"]
[SourceVersion "1"]
[SourceVersionDate "2022.10.05"]
[SourceQuality "1"]

1. e4 e6 2. d4 d5 3. Nd2 Nf6 4. e5 Nfd7 5. Bd3 c5 6. c3 Nc6 7. Ndf3 Be7 8. Nh3 cxd4 9. cxd4 Qb6 10. Bb1 Bb4+ 11. Kf1 Qc7 12. Nf4 Be7 13. g3 b6 14. Kg2 Bb7 15. Bd2 0-0-0 16. Nd3 f6 17. Bf4 fxe5 18. Ndxe5 Ndxe5 19. Nxe5 Nxe5 20. Bxe5 Bd6 21. Re1 Kb8 22. Bd3 Rhf8 23. Rc1 Qf7 24. Rc2 Bxe5 25. Rxe5 Rc8 26. Qe2 Rxc2 27. Bxc2 Ba6 28. Qe3 Qc7 29. Bb3 Bc8 30. Bd1 Qc4 31. Bb3 Qb5 32. Qe2 Qb4 33. Qe3 a5 34. Qc3 Qd6 35. Qd3 g6 36. Qd2 Rf7 37. Re3 Ba6 38. Bd1 Qd7 39. Bg4 Rf6 40. Qe1 Bc8 41. Rc3 Rf7 1/2-1/2

[Event "Torre delle Stelle op 1st"]
[Site "Sinnai"]
[Date "2011.06.25"]
[Round "5"]
[White "Zuccarelli, Angelo"]
[Black "Sollai, Matteo"]
[Result "1-0"]
[WhiteElo "1897"]
[BlackElo "1805"]
[PlyCount "49"]
[EventDate "2011.06.22"]
[EventType "swiss"]
[EventRounds "7"]
[EventCountry "ITA"]
[SourceTitle "EXT 2023"]
[Source "ChessBase"]
[SourceDate "2022.10.05"]
[SourceVersion "1"]
[SourceVersionDate "2022.10.05"]
[SourceQuality "1"]

1. e4 Nc6 2. d4 d5 3. e5 f6 4. f4 Nh6 5. Nf3 Bf5 6. Bd3 Qd7 7. c3 0-0-0 8. Qc2 e6 9. Nbd2 g5 10. fxg5 fxg5 11. Nxg5 Rg8 12. Ndf3 Be7 13. Bd2 Rg7 14. 0-0-0 Rdg8 15. Bxf5 Nxf5 16. g4 Nh6 17. h3 Rg6 18. Nxh7 R8g7 19. g5 Nf5 20. Nf6 Qd8 21. h4 Ng3 22. Rh3 Bxf6 23. exf6 Rxf6 24. gxf6 Qxf6 25. Ng5 1-0

[Event "Torre delle Stelle op 1st"]
[Site "Sinnai"]
[Date "2011.06.22"]
[Round "1"]
[White "Zuccarelli, Angelo"]
[Black "Huguet Mainar, Sergio"]
[Result "0-1"]
[WhiteElo "1897"]
[BlackElo "2139"]
[PlyCount "70"]
[EventDate "2011.06.22"]
[EventType "swiss"]
[EventRounds "7"]
[EventCountry "ITA"]
[SourceTitle "EXT 2023"]
[Source "ChessBase"]
[SourceDate "2022.10.05"]
[SourceVersion "1"]
[SourceVersionDate "2022.10.05"]
[SourceQuality "1"]

1. e4 Nf6 2. e5 Nd5 3. d4 d6 4. Nf3 Bg4 5. Be2 c6 6. exd6 exd6 7. 0-0 Be7 8. Nbd2 0-0 9. Ne4 Nd7 10. c4 N5b6 11. Bd3 d5 12. cxd5 Nxd5 13. h3 Bxf3 14. Qxf3 N7f6 15. Rd1 Nxe4 16. Qxe4 Nf6 17. Qf3 Qd5 18. Qe2 Rfe8 19. Qc2 Bd6 20. Be3 Re7 21. Bc4 Qh5 22. Be2 Qh4 23. Bf3 Nd5 24. Bxd5 cxd5 25. Rd3 Rae8 26. Rf1 Re6 27. Rc3 h6 28. Rc8 Qe4 29. Rxe8+ Rxe8 30. Qb3 Re6 31. Qc3 Rg6 32. f3 Qh4 33. Qc8+ Kh7 34. Bf2 Qf4 35. Be1 Rxg2+ 0-1

[Event "Cagliari Alfa Lum op-A 2nd"]
[Site "Cagliari"]
[Date "2010.09.05"]
[Round "6"]
[White "Camboni, Paolo"]
[Black "Zuccarelli, Angelo"]
[Result "1-0"]
[WhiteElo "1898"]
[BlackElo "1905"]
[PlyCount "135"]
[EventDate "2010.09.03"]
[EventType "swiss"]
[EventRounds "6"]
[EventCountry "ITA"]
[SourceTitle "EXT 2024"]
[Source "ChessBase"]
[SourceDate "2023.10.10"]
[SourceVersion "1"]
[SourceVersionDate "2023.10.10"]
[SourceQuality "1"]

1. d4 d5 2. Bg5 c6 3. Nf3 Qc7 4. e3 e6 5. Bf4 Bd6 6. Bxd6 Qxd6 7. Nbd2 Nf6 8. Bd3 Nbd7 9. 0-0 0-0 10. c4 b6 11. Qe2 Bb7 12. Rfd1 Rfe8 13. Rac1 Rac8 14. e4 dxe4 15. Nxe4 Nxe4 16. Bxe4 Nf6 17. Bb1 Qf4 18. Qe5 Qh6 19. c5 Red8 20. b4 b5 21. Qe2 Nd5 22. a3 Qf6 23. Ne5 Rc7 24. Qe4 g6 25. Rd3 Qf4 26. Qe1 Bc8 27. Rcd1 Qh6 28. Rh3 Qg7 29. Qd2 Ne7 30. Rf3 Nf5 31. Bxf5 exf5 32. Rd3 Be6 33. Nxc6 Rxc6 34. d5 Bxd5 35. Rxd5 Rxd5 36. Qxd5 Qf6 37. Qd8+ Kg7 38. Kf1 Ra6 39. Qxf6+ Kxf6 40. Rd3 Ke5 41. Ke2 f4 42. Kd2 g5 43. Kc2 f5 44. Kb3 h5 45. Rd7 h4 46. Rb7 f3 47. gxf3 Kf4 48. Rxb5 Kxf3 49. Ra5 Re6 50. Rxa7 Kxf2 51. Rf7 f4 52. b5 f3 53. c6 g4 54. c7 Re8 55. b6 g3 56. hxg3 hxg3 57. b7 g2 58. Rg7 g1Q 59. Rxg1 Kxg1 60. c8Q f2 61. Qxe8 f1Q 62. b8Q Qd1+ 63. Kb4 Qd2+ 64. Ka4 Qd4+ 65. Qb4 Qd1+ 66. Ka5 Qd5+ 67. Ka6 Qd3+ 68. Qeb5 1-0

[Event "Cagliari Alfa Lum op-A 2nd"]
[Site "Cagliari"]
[Date "2010.09.05"]
[Round "5"]
[White "Zuccarelli, Angelo"]
[Black "Neri, Enzo"]
[Result "0-1"]
[WhiteElo "1905"]
[BlackElo "2070"]
[PlyCount "111"]
[EventDate "2010.09.03"]
[EventType "swiss"]
[EventRounds "6"]
[EventCountry "ITA"]
[SourceTitle "EXT 2024"]
[Source "ChessBase"]
[SourceDate "2023.10.10"]
[SourceVersion "1"]
[SourceVersionDate "2023.10.10"]
[SourceQuality "1"]

1. e4 e5 2. Nf3 Nc6 3. Bb5 Bc5 4. c3 Nge7 5. d4 exd4 6. cxd4 Bb4+ 7. Bd2 Bxd2+ 8. Qxd2 d5 9. Nc3 0-0 10. exd5 Nxd5 11. 0-0 Nce7 12. h3 h6 13. Ba4 Bf5 14. a3 Nxc3 15. bxc3 Qd5 16. Ne5 c5 17. f4 Rfd8 18. Rad1 f6 19. Nf3 Qc4 20. Bc2 Bxc2 21. Qxc2 Nd5 22. Rfe1 Qxc3 23. Qxc3 Nxc3 24. Rc1 cxd4 25. Re7 Kf8 26. Rce1 Re8 27. Rxe8+ Rxe8 28. Rxe8+ Kxe8 29. Nxd4 a6 30. Kf2 Nb5 31. Nxb5 axb5 32. Ke3 Kd7 33. Ke4 Ke6 34. g4 g5 35. fxg5 fxg5 36. Kd4 Kd6 37. Ke4 Kc5 38. Kf5 b4 39. axb4+ Kxb4 40. Kg6 Kc5 41. Kxh6 b5 42. Kxg5 b4 43. h4 b3 44. h5 b2 45. Kh6 b1Q 46. g5 Qb2 47. Kh7 Qb7+ 48. Kh6 Qc8 49. Kh7 Qd7+ 50. Kh6 Qe8 51. g6 Qh8+ 52. Kg5 Kd6 53. h6 Qe5+ 54. Kg4 Qf6 55. g7 Qg6+ 56. Kf3 0-1

[Event "Cagliari Alfa Lum op-A 2nd"]
[Site "Cagliari"]
[Date "2010.09.03"]
[Round "1"]
[White "Zuccarelli, Angelo"]
[Black "Dessy, Eugenio"]
[Result "1-0"]
[WhiteElo "1905"]
[BlackElo "1652"]
[PlyCount "55"]
[EventDate "2010.09.03"]
[EventType "swiss"]
[EventRounds "6"]
[EventCountry "ITA"]
[SourceTitle "EXT 2024"]
[Source "ChessBase"]
[SourceDate "2023.10.10"]
[SourceVersion "1"]
[SourceVersionDate "2023.10.10"]
[SourceQuality "1"]

1. e4 e5 2. Nf3 Nc6 3. Bb5 Nd4 4. Nxd4 exd4 5. d3 Bc5 6. Nd2 Ne7 7. Qh5 Bb6 8. Nc4 0-0 9. Nxb6 axb6 10. Bd2 c6 11. Bc4 d5 12. exd5 Nxd5 13. 0-0 Nf6 14. Qh4 Be6 15. Bg5 Bxc4 16. dxc4 Qd6 17. Bxf6 gxf6 18. Rfd1 c5 19. Rd3 Rfe8 20. Qh6 Rxa2 21. Rc1 Re2 22. Rg3+ Qxg3 23. hxg3 Rxb2 24. Qxf6 Rbxc2 25. Ra1 Ra2 26. Rxa2 Rxa2 27. Qxb6 Kg7 28. Qxc5 1-0

[Event "Sardegna Region-ch"]
[Site "Sardara"]
[Date "2010.04.24"]
[Round "6"]
[White "Palmieri, Roberto N"]
[Black "Zuccarelli, Angelo"]
[Result "1/2-1/2"]
[WhiteElo "1868"]
[BlackElo "1910"]
[PlyCount "118"]
[EventDate "2010.04.17"]
[EventType "swiss"]
[EventRounds "8"]
[EventCountry "ITA"]
[SourceTitle "EXT 2024"]
[Source "ChessBase"]
[SourceDate "2023.10.10"]
[SourceVersion "1"]
[SourceVersionDate "2023.10.10"]
[SourceQuality "1"]

1. d4 d5 2. c4 e6 3. Nf3 Nf6 4. Bg5 Be7 5. Nc3 Nbd7 6. e3 h6 7. Bh4 0-0 8. Qc2 c6 9. Bd3 dxc4 10. Bxc4 b5 11. Bd3 Bb7 12. 0-0 a6 13. Qe2 Rc8 14. Rfd1 Re8 15. Rac1 Nd5 16. Bg3 Nxc3 17. Rxc3 Qa5 18. a3 Qb6 19. Rdc1 c5 20. dxc5 Nxc5 21. Bb1 Bf6 22. R3c2 g6 23. Ne5 Bxe5 24. Bxe5 Nd7 25. Bc7 Qa7 26. Qd3 Nf6 27. f3 Nd5 28. Qd4 Qxd4 29. exd4 Re7 30. Bd6 Rxc2 31. Rxc2 Rd7 32. Bc5 h5 33. Kf2 Nf6 34. Ba2 Rc7 35. Re2 Nd7 36. b4 Nf6 37. Rc2 Bd5 38. Bxd5 Nxd5 39. g3 f6 40. f4 Kf7 41. Kf3 Nb6 42. Rc3 Nc4 43. Ke2 Nb6 44. Kd3 Nd5 45. Rc2 f5 46. h3 Nf6 47. Rg2 Ke8 48. Ke3 Kd7 49. Rc2 Nd5+ 50. Kd3 Rc8 51. Kd2 h4 52. Ke2 hxg3 53. Kf3 g5 54. fxg5 f4 55. Rc1 Ke8 56. h4 Kf7 57. h5 Rh8 58. Rh1 Rc8 59. Rc1 Rh8 1/2-1/2

[Event "Sardegna Region-ch"]
[Site "Sardara"]
[Date "2010.04.18"]
[Round "4"]
[White "Neri, Enzo"]
[Black "Zuccarelli, Angelo"]
[Result "1-0"]
[WhiteElo "2059"]
[BlackElo "1910"]
[PlyCount "71"]
[EventDate "2010.04.17"]
[EventType "swiss"]
[EventRounds "8"]
[EventCountry "ITA"]
[SourceTitle "EXT 2024"]
[Source "ChessBase"]
[SourceDate "2023.10.10"]
[SourceVersion "1"]
[SourceVersionDate "2023.10.10"]
[SourceQuality "1"]

1. d4 d5 2. c4 e6 3. Nc3 Nf6 4. Nf3 Be7 5. Bf4 c6 6. e3 Nbd7 7. a3 a6 8. c5 b6 9. cxb6 Qxb6 10. Na4 Qa7 11. Rc1 Bb7 12. Bd3 Rc8 13. 0-0 c5 14. dxc5 Nxc5 15. Nxc5 Rxc5 16. Qa4+ Kf8 17. b4 Rxc1 18. Rxc1 Ne8 19. Ne5 f6 20. Nc6 Qa8 21. Na5 Bc8 22. Qc6 Qxc6 23. Rxc6 Bd7 24. Rxa6 e5 25. Ra7 Be6 26. Bg3 h5 27. f4 h4 28. Be1 Bd8 29. Bf2 e4 30. Be2 g5 31. Nc6 Bb6 32. Rb7 Bc7 33. fxg5 fxg5 34. Nd4 Bc8 35. Rb5 Nf6 36. Rc5 1-0

[Event "Perla del Sarcidano op 2nd"]
[Site "Laconi"]
[Date "2006.08.09"]
[Round "8"]
[White "Ljubisavljevic, Zivojin Z"]
[Black "Zuccarelli, Angelo"]
[Result "1-0"]
[WhiteElo "2290"]
[BlackElo "1905"]
[PlyCount "120"]
[EventDate "2006.08.05"]
[EventType "swiss"]
[EventRounds "4"]
[EventCountry "ITA"]
[SourceTitle "EXT 2024"]
[Source "ChessBase"]
[SourceDate "2023.10.10"]
[SourceVersion "1"]
[SourceVersionDate "2023.10.10"]
[SourceQuality "1"]

1. d4 d5 2. c3 Nf6 3. Bg5 e6 4. Nd2 c5 5. e3 Nc6 6. f4 a6 7. Ngf3 c4 8. g3 Be7 9. Bxf6 Bxf6 10. e4 dxe4 11. Nxe4 b5 12. Bg2 Be7 13. 0-0 Bb7 14. Nfg5 0-0 15. Qc2 g6 16. h4 Na5 17. Rae1 Bd5 18. Qe2 Nb7 19. Nd2 Bxg2 20. Qxg2 Nd6 21. Ngf3 Bf6 22. Ne5 Qc7 23. Qf3 Rac8 24. h5 Bg7 25. Kg2 Qb7 26. Qxb7 Nxb7 27. Ne4 Rfd8 28. g4 f6 29. Nf3 Kf7 30. Rh1 gxh5 31. Rxh5 h6 32. g5 hxg5 33. fxg5 Rh8 34. Rxh8 Rxh8 35. gxf6 Bxf6 36. Neg5+ Bxg5 37. Nxg5+ Kf6 38. Nxe6 Re8 39. d5 Nd8 40. Rf1+ Ke5 41. Nf4 Rg8+ 42. Kf3 Rf8 43. Re1+ Kd6 44. Rh1 Nf7 45. Rh5 a5 46. Ke4 Re8+ 47. Ne6 Nd8 48. Kd4 Nxe6+ 49. dxe6 Rb8 50. Re5 Ke7 51. Kc5 b4 52. Kxc4 bxc3 53. Kxc3 a4 54. Ra5 Rc8+ 55. Kb4 Kxe6 56. Kxa4 Rc4+ 57. b4 Kd6 58. Kb5 Rg4 59. Ra7 Rg5+ 60. Kb6 Rg4 1-0

[Event "Perla del Sarcidano op 2nd"]
[Site "Laconi"]
[Date "2006.08.08"]
[Round "6"]
[White "Fenu, Salvatore"]
[Black "Zuccarelli, Angelo"]
[Result "1/2-1/2"]
[WhiteElo "1943"]
[BlackElo "1905"]
[PlyCount "80"]
[EventDate "2006.08.05"]
[EventType "swiss"]
[EventRounds "4"]
[EventCountry "ITA"]
[SourceTitle "EXT 2024"]
[Source "ChessBase"]
[SourceDate "2023.10.10"]
[SourceVersion "1"]
[SourceVersionDate "2023.10.10"]
[SourceQuality "1"]

1. e4 e5 2. d4 exd4 3. Nf3 Nf6 4. Bc4 Nc6 5. 0-0 d5 6. exd5 Nxd5 7. Re1+ Be7 8. Nxd4 Nb6 9. Bb5 Bd7 10. Bxc6 Bxc6 11. Qe2 Bd7 12. Bg5 f6 13. Bf4 Nc8 14. Nc3 0-0 15. Qc4+ Kh8 16. Bxc7 Qe8 17. Rad1 Qg6 18. Nd5 Qf7 19. Ne3 Qxc4 20. Nxc4 b5 21. Ne3 Bc5 22. Nb3 Bxe3 23. Rxd7 Nb6 24. Bxb6 Bxb6 25. Ree7 Rfe8 26. Kf1 Rxe7 27. Rxe7 Rd8 28. Ke2 Kg8 29. Nc1 Kf8 30. Re4 Kf7 31. Nd3 Rc8 32. c3 Rd8 33. Nb4 Rd6 34. Nc2 g6 35. Nd4 Rd5 36. Kd3 Rd6 37. f4 Rd5 38. g4 Bc7 39. Re2 Bxf4 40. h4 Be5 1/2-1/2

[Event "SEMI A043 email"]
[Site "SEMI email"]
[Date "2003.05.20"]
[Round "?"]
[White "Hanegby, Avigdor"]
[Black "Zuccarelli, Angelo"]
[Result "1-0"]
[WhiteElo "2316"]
[BlackElo "1800"]
[PlyCount "61"]
[EventDate "2003.05.20"]
[EventType "tourn (corr)"]
[EventRounds "6"]
[EventCountry "ITA"]
[SourceTitle "Corr 2008"]
[Source "ChessBase"]
[SourceDate "2008.06.24"]
[SourceVersion "1"]
[SourceVersionDate "2008.06.24"]
[SourceQuality "1"]

1. f4 d5 2. Nf3 Nf6 3. e3 g6 4. d4 Bg7 5. Bd3 0-0 6. 0-0 c5 7. c3 b6 8. Nbd2 Ba6 9. Bxa6 Nxa6 10. Qe2 Nc7 11. dxc5 bxc5 12. e4 Qc8 13. e5 Nd7 14. Nb3 Ne6 15. Be3 a5 16. Rad1 a4 17. Nc1 Nb6 18. Nd3 Qc7 19. Qf2 Ra5 20. b4 axb3 21. axb3 Rb5 22. Nd2 f5 23. c4 Ra5 24. b4 Ra2 25. Nxc5 Nxc5 26. Bxc5 Nxc4 27. Qd4 Rxd2 28. Rxd2 Nxd2 29. Qxd5+ e6 30. Qxd2 Rd8 31. Qa2 1-0

[Event "SEMI A042 email"]
[Site "SEMI email"]
[Date "2003.03.31"]
[Round "?"]
[White "Sveinsson, Jon Arni"]
[Black "Zuccarelli, Angelo"]
[Result "1-0"]
[WhiteElo "2015"]
[BlackElo "1800"]
[PlyCount "33"]
[EventDate "2003.03.31"]
[EventType "tourn (corr)"]
[EventRounds "6"]
[EventCountry "ITA"]
[SourceTitle "Corr 2008"]
[Source "ChessBase"]
[SourceDate "2008.06.24"]
[SourceVersion "1"]
[SourceVersionDate "2008.06.24"]
[SourceQuality "1"]

1. d4 Nf6 2. c4 e6 3. Nf3 b6 4. g3 Bb7 5. Bg2 Be7 6. 0-0 0-0 7. Nc3 Ne4 8. Qc2 Nxc3 9. Qxc3 f5 10. Rd1 Bf6 11. Bf4 d6 12. Qe3 Qe7 13. b4 Be4 14. g4 e5 15. dxe5 dxe5 16. Bg3 c6 17. g5 1-0

[Event "SEMI A042 email"]
[Site "SEMI email"]
[Date "2003.03.31"]
[Round "?"]
[White "Zuccarelli, Angelo"]
[Black "Marcotulli, Giancarlo"]
[Result "0-1"]
[WhiteElo "1800"]
[BlackElo "2200"]
[PlyCount "58"]
[EventDate "2003.03.31"]
[EventType "tourn (corr)"]
[EventRounds "6"]
[EventCountry "ITA"]
[SourceTitle "Corr 2008"]
[Source "ChessBase"]
[SourceDate "2008.06.24"]
[SourceVersion "1"]
[SourceVersionDate "2008.06.24"]
[SourceQuality "1"]

1. e4 e5 2. Nf3 Nc6 3. Bb5 a6 4. Ba4 Nf6 5. 0-0 b5 6. Bb3 Bc5 7. a4 Bb7 8. d3 0-0 9. Nc3 Na5 10. axb5 Nxb3 11. cxb3 axb5 12. Rxa8 Bxa8 13. Nxe5 d5 14. Bg5 dxe4 15. dxe4 Qxd1 16. Rxd1 b4 17. Bxf6 bxc3 18. bxc3 gxf6 19. Nd7 Bd6 20. Nxf8 Kxf8 21. f3 h5 22. h4 Bb7 23. Kf2 Ke7 24. g4 Bc5+ 25. Kg3 Bd6+ 26. Rxd6 cxd6 27. gxh5 Kf8 28. h6 Kg8 29. Kf4 Bc8 0-1

[Event "SEMI B034 email"]
[Site "SEMI email"]
[Date "2003.02.12"]
[Round "?"]
[White "Zuccarelli, Angelo"]
[Black "Raiteri, Enrico"]
[Result "1-0"]
[WhiteElo "1756"]
[BlackElo "1000"]
[PlyCount "75"]
[EventDate "2003.02.12"]
[EventType "tourn (corr)"]
[EventRounds "6"]
[EventCountry "ITA"]
[SourceTitle "Corr 2008"]
[Source "ChessBase"]
[SourceDate "2008.06.24"]
[SourceVersion "1"]
[SourceVersionDate "2008.06.24"]
[SourceQuality "1"]

1. e4 c5 2. Nf3 d6 3. d4 cxd4 4. Nxd4 Nc6 5. Nc3 Nf6 6. Bg5 e6 7. f4 a6 8. e5 h6 9. Bh4 g5 10. fxg5 Nd5 11. Nxd5 exd5 12. exd6 hxg5 13. Qe2+ Kd7 14. Qg4+ Ke8 15. Qe2+ Kd7 16. Bf2 Qf6 17. Nxc6 bxc6 18. 0-0-0 Bxd6 19. c4 Bf4+ 20. Kb1 Kc7 21. Bd4 Bf5+ 22. Ka1 Qe6 23. Bxh8 Qxe2 24. Bxe2 Rxh8 25. cxd5 Be4 26. d6+ Bxd6 27. Rhf1 f5 28. h3 Bxg2 29. Rxf5 Bf4 30. Bg4 Bd5 31. Rf6 a5 32. Re1 Kb6 33. Rg6 Rh7 34. Rd1 Kb5 35. Bf5 Re7 36. Rf6 Re2 37. Rxd5+ cxd5 38. Bd3+ 1-0